Les 20 préfectures les plus proches de Nîmes - Statistiques

Statistiques générales
  • Ce quiz a été pris 275 fois
  • Le résultat moyen est 14 sur 20
Statistiques - réponses
distance (en km) ville préfecture % Correct
46 Montpellier
98%
101 Marseille
96%
38 Avignon
84%
234 Nice
83%
217 Lyon
82%
174 Perpignan
81%
102 Mende
76%
150 Toulon
76%
177 Carcassonne
74%
129 Valence
70%
186 Grenoble
66%
154 Rodez
66%
178 Saint-Etienne
64%
159 Gap
63%
178 Albi
57%
102 Privas
57%
195 Aurillac
54%
140 Le Puy en Velay
54%
153 Digne les Bains
53%
229 Chambéry
42%
Aucun quiz correspondant
Distribution des résultats
% des personnes avec chaque résultat
Percentile par nombre de réponses
Votre historique - résultats
Vous n’avez pas pris ce quiz